[Event "IHEM"]
[Site "Hamburg GER"]
[Date "2002.05.18"]
[Round "1"]
[White "Stephan,Ax"]
[Black "Sax,G"]
[Result "0-1"]
[WhiteElo "2311"]
[BlackElo "2566"]

1.e4 c5 2.Nf3 e6 3.d4 cxd4 4.Nxd4 a6 5.Nc3 b5 6.g4 Bb7 7.Bg2 d6 8.a4 b4 9.Nce2 Nf6
10.Ng3 d5 11.e5 Nfd7 12.f4 Nc6 13.Nxc6 Bxc6 14.Be3 Be7 15.O-O Qc7 16.Kh1 Rc8
17.Bd4 Bb7 18.c3 bxc3 19.bxc3 g6 20.Qf3 O-O 21.Rae1 Rce8 22.g5 Nc5 23.Re3 Nb3
24.Rd1 Rc8 25.Nh5 Nxd4 26.Rxd4 gxh5 27.Qxh5 Qb6 28.Rh3 Qb1+ 29.Rd1 Qg6 30.Qf3 Rc4
31.Bf1 Re4 32.Bd3 d4 33.Kg1 dxc3 34.Kf2 Bc5+ 35.Kf1 Qf5 36.Bxe4 Bxe4 37.Qg3 c2
38.Rc1 Rd8  0-1

[Event "Open"]
[Site "Pula CRO"]
[Date "2002.05.18"]
[Round "8"]
[White "Fercec,N"]
[Black "Papp,Ga"]
[Result "1-0"]
[WhiteElo "2466"]
[BlackElo "2306"]

1.e4 c5 2.Nf3 e6 3.d4 cxd4 4.Nxd4 a6 5.Nc3 b5 6.Bd3 Qb6 7.Be3 Bc5 8.Nce2 Nc6
9.c3 Nf6 10.b4 Bxd4 11.Nxd4 Qc7 12.Nxc6 Qxc6 13.O-O Nxe4 14.Qg4 Nf6 15.Qg3 Rg8
16.Bd4 Ne4 17.Qg4 d5 18.Qh4 h6 19.f3 Nd6 20.Rfe1 f6 21.Bg6+ Ke7 22.Re2 Bd7
23.Rae1 Kd8 24.Bc5 Nb7 25.Bf7 Nxc5 26.Bxg8 Kc7 27.Qg3+ e5 28.Bxd5 Qxd5 29.bxc5 Qxc5+
30.Kh1 g5 31.Rd1 Bc6 32.Red2 Re8 33.Qh3 e4 34.fxe4 Rxe4 35.Qg3+ Kb6 36.Qb8+ Ka5
37.Qd8+ Qb6 38.Qd6 Qe3 39.Qd8+ Qb6 40.Qd6 Qe3 41.Qc7+ Qb6 42.Qxb6+ Kxb6 43.Kg1 Kc5
44.Rf1 h5 45.Rxf6 Re5 46.Kf2 a5 47.a3 Be4 48.Rf8 Bc6 49.g3 g4 50.Re2 Rd5
51.Rc8 Rf5+ 52.Ke1 Kd6 53.Rd2+ Kc5 54.Rf2 Rf3 55.Rxf3 gxf3 56.h3 Kb6 57.g4 hxg4
58.hxg4 Bd7 59.Rg8 Kc5 60.g5 Kc4 61.g6 Kxc3 62.g7 Be6 63.Re8 Bd5 64.Re5  1-0

[Event "ch-LTU"]
[Site "Vilnius LTU"]
[Date "2002.05.18"]
[Round "2"]
[White "Asauskas,H"]
[Black "Kveinys,A"]
[Result "1/2-1/2"]
[WhiteElo "2384"]
[BlackElo "2559"]

1.e4 c5 2.Nf3 e6 3.d4 cxd4 4.Nxd4 a6 5.Nc3 b5 6.g3 b4 7.Na4 Bb7 8.Bg2 Nf6
9.O-O Bxe4 10.Bxe4 Nxe4 11.Re1 d5 12.c4 bxc3 13.Nxc3 Nxc3 14.bxc3 Be7 15.Rxe6 O-O
16.Re2 Qd7 17.Bf4 Bf6 18.Rb1 Nc6 19.Qa4 Rfc8 20.Rb6 Ne5 21.Qxd7 Nxd7 22.Rd6 Nc5
23.Rxd5 Na4 24.Rd6 Nxc3 25.Rc2 Ne4 26.Rdc6 Rxc6 27.Nxc6 g5 28.Bb8 Kg7 29.Kg2 Nc3
30.Kf3 Nb5 31.Ke4 h5 32.Kd5 Nd4 33.Nxd4 Rxb8 34.Nc6 Rb5+ 35.Kd6 Kg6 36.a4 Rb1
37.Ne5+ Bxe5+ 38.Kxe5 f6+ 39.Kd4 Ra1 40.Rc4 Ra2 41.Ke3 g4 42.Rd4 a5 43.Rc4 Ra3+
44.Ke2 f5 45.Kf1 Kg5  1/2-1/2

[Event "IHEM"]
[Site "Hamburg GER"]
[Date "2002.05.19"]
[Round "2"]
[White "Lanka,Z"]
[Black "Reddmann,H"]
[Result "1/2-1/2"]
[WhiteElo "2503"]
[BlackElo "2349"]

1.e4 c5 2.Nf3 e6 3.d4 cxd4 4.Nxd4 a6 5.Nc3 b5 6.Bd3 Bb7 7.O-O Qc7 8.Re1 d6
9.Bg5 Be7 10.Bxe7 Nxe7 11.Bxb5+ Nd7 12.Bxd7+ Qxd7 13.b3 O-O 14.Na4 Qc7 15.c4 Rad8
16.Rc1 e5 17.Nc2 f5 18.exf5 Nxf5 19.Nc3 Qa5 20.Qd3 Kh8 21.Rf1 Nh4 22.Nd5 Bxd5
23.cxd5 Ng6 24.b4 Nf4 25.bxa5 Nxd3 26.Rcd1 Rc8 27.Ne3 Nf4 28.Rd2 Rc5 29.h4 Nh5
30.Rb1 Nf6 31.Rb6 Rxa5 32.f3 e4 33.Rxd6 exf3 34.gxf3 Ra3 35.Re6 Kg8 36.d6 Rd8
37.Kf2 Ra4 38.Nf5 Rf4 39.Re5 g6 40.Ne7+ Kf8 41.Kg3 Rc4 42.Ra5 Nh5+ 43.Kg2 Nf4+
44.Kf2 Ne6 45.h5 Rh4 46.Kg3 Rxh5 47.Rxh5 gxh5 48.Kh4 Rb8 49.Nc6 Rb6 50.Ne5 Rb4+
51.Kxh5 Rb5 52.f4 Nxf4+ 53.Kg4 Rxe5 54.Kxf4 Re8 55.Kf5 Kf7 56.Rc2 Re1 57.Rc8 Rd1
58.Ke5 h5 59.Rh8 Rd2 60.a4 h4 61.Rxh4 Ke8 62.Ke6 Re2+ 63.Kd5 Kd8 64.Kc6 Rc2+
65.Kb6 Kd7 66.Kxa6 Kxd6 67.Rb4 Kc7 68.a5 Rc5 69.Rh4 Rg5  1/2-1/2

[Event "IHEM"]
[Site "Hamburg GER"]
[Date "2002.05.21"]
[Round "4"]
[White "Lanka,Z"]
[Black "Wahls,M"]
[Result "1-0"]
[WhiteElo "2503"]
[BlackElo "2561"]

1.e4 c5 2.Nf3 e6 3.d4 cxd4 4.Nxd4 a6 5.Nc3 Qc7 6.Bd3 Nf6 7.f4 Bb4 8.O-O Bc5
9.Ne2 Nc6 10.c3 d6 11.Kh1 Bd7 12.Qe1 h5 13.b4 Ba7 14.Be3 h4 15.h3 d5 16.e5 Ne4
17.Rc1 Nxd4 18.cxd4 Qd8 19.Bxe4 dxe4 20.Nc3 Bc6 21.f5 Qe7 22.fxe6 fxe6 23.Qe2 Qxb4
24.d5 Bxe3 25.Qxe3 exd5 26.Qg5 Qe7 27.Qg6+ Kd8 28.Nxd5 Bxd5 29.Rfd1 Qxe5
30.Qf7 Rh5 31.Rc5  1-0

[Event "Guillermo Garcia ALFIL"]
[Site "Santa Clara CUB"]
[Date "2002.05.21"]
[Round "3"]
[White "Fernandez,Alex"]
[Black "Mateo,Ra"]
[Result "0-1"]
[WhiteElo "2388"]
[BlackElo "2391"]

1.e4 c5 2.Nc3 e6 3.Nf3 a6 4.d4 cxd4 5.Nxd4 b5 6.Bd3 Bb7 7.O-O d6 8.a3 Nf6
9.Be3 Nbd7 10.f4 Rc8 11.Qe2 Be7 12.Kh1 O-O 13.Bg1 g6 14.f5 gxf5 15.exf5 e5
16.Nf3 Rxc3 17.bxc3 e4 18.Bxe4 Nxe4 19.c4 Bf6 20.Nd4 bxc4 21.Rf4 Re8 22.Qh5 Ne5
23.Re1 d5 24.Re3 Bg7 25.Rh4 h6 26.Rhxe4 dxe4 27.Rg3 Qf6 28.Be3 Kf8 29.h4 Nf3
30.gxf3 exf3 31.Bf2 Re4 32.Rg4 Rxd4  0-1

[Event "Elekes Mem IM"]
[Site "Budapest HUN"]
[Date "2002.05.25"]
[Round "8"]
[White "Galyas,M"]
[Black "Medvegy,N"]
[Result "1/2-1/2"]
[WhiteElo "2391"]
[BlackElo "2338"]

1.e4 c5 2.Nf3 e6 3.Nc3 a6 4.d4 cxd4 5.Nxd4 d6 6.Be2 Nf6 7.O-O Be7 8.Be3 O-O
9.a4 Qc7 10.f4 b6 11.Bf3 Bb7 12.Kh1 Nbd7 13.Qe1 Rfe8 14.Qg3 Bf8 15.Rae1 Rac8
16.Nb3 Qb8 17.Qh3  1/2-1/2

[Event "IHEM"]
[Site "Hamburg GER"]
[Date "2002.05.25"]
[Round "8"]
[White "Putzbach,G"]
[Black "Sax,G"]
[Result "0-1"]
[WhiteElo "2242"]
[BlackElo "2566"]

1.e4 c5 2.Nf3 e6 3.d4 cxd4 4.Nxd4 a6 5.Nc3 Qc7 6.Be2 b5 7.f4 Bb7 8.Bf3 d6
9.g4 b4 10.Nce2 Nf6 11.Ng3 d5 12.e5 Nfd7 13.h4 Nc6 14.Nxc6 Bxc6 15.Be3 Be7
16.Bd4 f6 17.exf6 gxf6 18.Qd2 e5 19.fxe5 fxe5 20.Bf2 e4 21.Be2 Bf6 22.c3 bxc3
23.bxc3 Bb7 24.Rc1 O-O-O 25.Nf5 Rhe8 26.O-O Be5 27.Nd4 Kb8 28.Qh6 Bf4 29.g5 Bxc1
30.Rxc1 e3 31.Be1 Nc5 32.Kg2 Ne4 33.Ne6 Rxe6 34.Qxe6 d4 35.Bf3 Qf4 36.Qe7 Rf8
37.Qxf8+ Qxf8 38.cxd4 Nd2 39.Bg3+ Ka7 40.Bxb7 Kxb7 41.Be5 Qf3+ 42.Kh2 e2
43.Rc7+ Kb6  0-1

[Event "Open A"]
[Site "Ostrava CZE"]
[Date "2002.05.25"]
[Round "9"]
[White "Pardy,M"]
[Black "Adamek,J"]
[Result "0-1"]
[WhiteElo "2009"]
[BlackElo "2227"]

1.e4 c5 2.Nf3 e6 3.d4 cxd4 4.Nxd4 a6 5.Nc3 Qc7 6.Be2 Nf6 7.a3 Nc6 8.Nb3 Be7
9.O-O O-O 10.Be3 b5 11.Qd2 Ne5 12.Bf4 d6 13.Rad1 Bb7 14.f3 Rfd8 15.Rfe1 Rdc8
16.Qc1 Nfd7 17.Nd2 Nb6 18.Nf1 Bf6 19.Bg5 Bxg5 20.Qxg5 Nec4 21.Bxc4 Nxc4 22.Qc1 Nxb2
23.Qxb2 Qxc3  0-1

[Event "11th Open"]
[Site "Chicago USA"]
[Date "2002.05.26"]
[Round "4"]
[White "Karklins,A"]
[Black "Kleiman,J"]
[Result "1-0"]
[WhiteElo "2319"]
[BlackElo "2235"]

1.e4 c5 2.Nf3 e6 3.d4 cxd4 4.Nxd4 a6 5.Nc3 Qc7 6.g3 Nf6 7.Bg2 Nc6 8.f4 Nxd4
9.Qxd4 Bc5 10.Qd3 d6 11.Be3 Bxe3 12.Qxe3 e5 13.O-O-O b5 14.Qd2 Ke7 15.fxe5 dxe5
16.Qg5 Be6 17.Nd5+ Bxd5 18.exd5 h6 19.d6+ Qxd6 20.Qe3 Ng4 21.Qe4 Qe6 22.Qb4+ Kf6
23.Rd6  1-0

[Event "11th Open"]
[Site "Chicago USA"]
[Date "2002.05.27"]
[Round "6"]
[White "Anderson,R"]
[Black "Kleiman,J"]
[Result "1-0"]
[WhiteElo "2266"]
[BlackElo "2235"]

1.e4 c5 2.Nf3 e6 3.Nc3 a6 4.d4 cxd4 5.Nxd4 b5 6.Bd3 Qb6 7.Nb3 Qc7 8.O-O Bb7
9.Qe2 d6 10.Bd2 Nc6 11.a4 b4 12.Na2 Qb6 13.a5 Nxa5 14.Nxa5 Qxa5 15.Nxb4 Qb6
16.Nxa6 Bxa6 17.Bxa6 Rb8 18.c4 Be7 19.Bb5+ Kf8 20.Ra6 Qd8 21.Ra7 Nf6 22.Rfa1 h6
23.Ba5 Qc8 24.Rc7 Qd8 25.Ra7 Qc8 26.Bc7 Rb7 27.Ra8 Rxc7 28.Rxc8+ Rxc8 29.f4 h5
30.h3 g6 31.b4 h4 32.e5 Nh5 33.Qf3 Kg7 34.Qg4 Bd8 35.exd6 Bf6 36.Rd1 Ra8
37.Qf3 Ra2 38.Bc6 Ng3 39.d7 Ne2+ 40.Kh2 g5 41.Qb3 Ra7 42.d8=Q Rxd8 43.Rxd8 Nd4
44.Rxd4  1-0

[Event "11th Open"]
[Site "Chicago USA"]
[Date "2002.05.27"]
[Round "7"]
[White "Karklins,A"]
[Black "Vucic,M"]
[Result "0-1"]
[WhiteElo "2319"]
[BlackElo "2401"]

1.e4 c5 2.Nf3 e6 3.d4 cxd4 4.Nxd4 a6 5.Nc3 Qc7 6.g3 d6 7.Bg2 Nc6 8.b3 Be7
9.Bb2 Nf6 10.Qd2 Bd7 11.O-O-O Nxd4 12.Qxd4 Bc6 13.Rhe1 O-O 14.Rd2 Rfd8 15.Nd1 Bf8
16.Ne3 Rac8 17.Red1 e5 18.Qd3 b5 19.f4 Qb7 20.Nd5 Bxd5 21.exd5 Qc7 22.Bh3 Nd7
23.fxe5 dxe5 24.Rf1 Bd6 25.Qf5 f6 26.Qh5 Rb8 27.Be6+ Kh8 28.g4 Nf8 29.g5 g6
30.Qe2 f5 31.Rf3 Nxe6 32.dxe6 Kg8 33.Rc3 Qe7 34.Rc6 Qxg5 35.Kb1 Bf8 36.Rxd8 Rxd8
37.a3 e4 38.Rc7 Qg1+ 39.Ka2 Qb6 40.Rf7 Qxe6 41.Rf6 Qc8 42.Qf2 Bc5 43.Qg3 Bd4
44.Bxd4 Rxd4 45.Rxg6+ hxg6 46.Qxg6+ Kf8 47.Qf6+ Ke8 48.Qh8+ Kd7 49.Qxd4+ Ke6
50.Kb2 Qc7 51.h4 Qg3 52.Qb6+ Kf7 53.Qb7+ Kg6 54.Qxa6+ Kh5 55.Qxb5 Kg4 56.a4 e3
57.a5 Qf2 58.Qc5 Qd2 59.a6 e2 60.Qg1+ Kxh4  0-1

[Event "V It"]
[Site "Santo Antonio POR"]
[Date "2002.05.28"]
[Round "9"]
[White "Fernando,D"]
[Black "Korneev,O"]
[Result "1-0"]
[WhiteElo "2383"]
[BlackElo "2599"]

1.e4 c5 2.Nf3 e6 3.d4 cxd4 4.Nxd4 a6 5.Nc3 Qc7 6.g3 Bb4 7.Bd2 Nf6 8.Bg2 Be7
9.O-O d6 10.Nb3 Nc6 11.f4 O-O 12.g4 Re8 13.g5 Nd7 14.Rf3 Bf8 15.Rh3 g6 16.Qe1 Bg7
17.f5 exf5 18.Qh4 Nf8 19.Nd5 Qd8 20.Bc3 Re5 21.Bxe5 Nxe5 22.Rg3 h5 23.Rf1 fxe4
24.Bxe4 Be6 25.Nf6+ Bxf6 26.gxf6 Qb6+ 27.Kh1 Ng4 28.h3 Qb4 29.Rxg4 hxg4 30.Qh6 Qxe4+
31.Kg1  1-0

[Event "Panam U20"]
[Site "La Paz BOL"]
[Date "2002.06.07"]
[Round "3"]
[White "Ramirez,Al"]
[Black "Cabrera,A"]
[Result "1-0"]
[WhiteElo "2288"]
[BlackElo "2462"]

1.e4 c5 2.Nf3 e6 3.d4 cxd4 4.Nxd4 a6 5.Nc3 Qc7 6.Be2 Nc6 7.O-O Nf6 8.Be3 b5
9.Nxc6 dxc6 10.f4 Bb7 11.Bf3 Be7 12.Qe2 b4 13.Nb1 c5 14.Nd2 Bc6 15.c4 Qb7
16.Bf2 O-O 17.Bh4 Ne8 18.Bxe7 Qxe7 19.e5 Bxf3 20.Rxf3 Rd8 21.Ne4 Rd4 22.Re1 h6
23.b3 Qc7 24.Qf2 Qd8 25.h3 Kh8 26.Nxc5 Rd2 27.Re2 Rxe2 28.Qxe2 Qd4+ 29.Qf2 Qa1+
30.Kh2 a5 31.Rd3 Rg8 32.Qe2 Qc1 33.Qd2 Qa1 34.Qd1 Qb2 35.Ne4 Qa3 36.Qc2 Nc7
37.Nd2 a4 38.bxa4 b3 39.axb3 Na6 40.Rd7 Qf8 41.Ne4 Qe8 42.Qd1 Rf8 43.Qd6 Qa8
44.Ra7 Qxa7 45.Qxf8+ Kh7 46.Nd6 Kg6 47.Ne8 Kf5 48.Qxg7 Kxf4 49.Qg3+ Ke4 50.Nd6+  1-0

[Event "Panam U20"]
[Site "La Paz BOL"]
[Date "2002.06.07"]
[Round "3"]
[White "Roldan,R"]
[Black "Uriarte,C"]
[Result "0-1"]
[WhiteElo "2263"]
[BlackElo "2267"]

1.e4 c5 2.Nc3 e6 3.Nf3 a6 4.d4 cxd4 5.Nxd4 d6 6.Qf3 Nf6 7.Bg5 Nbd7 8.O-O-O Qc7
9.Qg3 h6 10.Be3 b5 11.Bxb5 axb5 12.Ndxb5 Qb7 13.Rxd6 Nxe4 14.Nxe4 Qxb5 15.Nc3 Bxd6
16.Qxg7 Qe5 17.Qg4 Rb8 18.g3 h5 19.Qa4 Qf5 20.Rd1 Be5 21.Qa7 Rb7 22.Qa6 O-O  0-1

[Event "3rd IECC"]
[Site "Batumi GEO"]
[Date "2002.06.12"]
[Round "1"]
[White "Gurcan,S"]
[Black "Markowski,T"]
[Result "0-1"]
[WhiteElo "2283"]
[BlackElo "2538"]

1.e4 c5 2.Nf3 e6 3.d4 cxd4 4.Nxd4 a6 5.Nc3 b5 6.Bd3 d6 7.O-O Nf6 8.Qe2 Bb7
9.a4 b4 10.Na2 d5 11.Bg5 dxe4 12.Bxe4 Bxe4 13.Bxf6 Qd5 14.c4 Qb7 15.Bh4 Nd7
16.f3 Bc5 17.Bf2 Bg6 18.Nxe6 fxe6 19.Qxe6+ Be7 20.Rfe1 Nf8 21.Qe5 Kf7 22.Rad1 Bf6
23.Qa5 Bxb2 24.Rd6 Kg8 25.c5 Qf7 26.Nxb4 Bc3 27.Rc1 Qb3 28.Be1 Bxb4  0-1

[Event "EuTCh U18"]
[Site "Balatonlelle HUN"]
[Date "2002.06.13"]
[Round "2"]
[White "Mijovic,A"]
[Black "Keskin,S"]
[Result "1-0"]
[WhiteElo "2123"]
[BlackElo "2006"]

1.e4 c5 2.Nf3 e6 3.d4 cxd4 4.Nxd4 a6 5.Nc3 Qc7 6.Be2 Nc6 7.O-O Bb4 8.Nxc6 Bxc3
9.bxc3 dxc6 10.f4 Ne7 11.Be3 O-O 12.Bd3 c5 13.e5 b6 14.Rf3 Bb7 15.Rh3 g6
16.c4 Nf5 17.Bf2 Qc6 18.Qg4 Rfd8 19.Re1 Rd7 20.Be4 Qa4 21.Bxb7 Rxb7 22.Qf3 Rab8
23.g4 Ng7 24.Rh6 Qxc4 25.Qh3 Qxf4 26.Rxh7 Kf8 27.Qh4 g5 28.Qh6 Qxg4+ 29.Kf1 Qc4+
30.Re2  1-0

[Event "ISYG-W16"]
[Site "Moscow RUS"]
[Date "2002.06.18"]
[Round "1"]
[White "Zdebskaja,N"]
[Black "Samaganova,A"]
[Result "1-0"]
[WhiteElo "2309"]
[BlackElo "2041"]

1.e4 c5 2.Nf3 e6 3.d4 cxd4 4.Nxd4 a6 5.Nc3 b5 6.Bd3 Qb6 7.Be3 Bc5 8.Be2 Bb7
9.a3 Nc6 10.Nxc6 Bxe3 11.fxe3 dxc6 12.Qd4 Qxd4 13.exd4 Rd8 14.Rd1 Nf6 15.e5 Nd5
16.Ne4 O-O 17.Nc5 Bc8 18.Kf2 f6 19.exf6 Nxf6 20.Bf3 Ng4+ 21.Ke2 e5 22.h3 Nf6
23.dxe5 Rde8 24.Nd3 c5 25.Kd2 Nd7 26.e6 Nb6 27.Nxc5 Rf5 28.Bc6 Re7 29.Kc1 Rf8
30.Rhe1 g6 31.Nd7 Bxd7 32.exd7 Rxe1 33.Rxe1 Kg7 34.Re8 Rf1+ 35.Kd2 Nc4+ 36.Ke2  1-0

[Event "3rd IECC"]
[Site "Batumi GEO"]
[Date "2002.06.23"]
[Round "11"]
[White "Atakisi,U"]
[Black "Ipek,A"]
[Result "0-1"]
[WhiteElo "2358"]
[BlackElo "2263"]

1.e4 c5 2.Nf3 e6 3.d4 cxd4 4.Nxd4 a6 5.Nc3 Qc7 6.Bd3 Nf6 7.O-O d6 8.Kh1 b5
9.a3 Bb7 10.f4 Nbd7 11.Qf3 Be7 12.Bd2 Nc5 13.Rae1 O-O 14.Qg3 g6 15.f5 e5
16.Nf3 Nh5 17.Qh3 Qd8 18.g4 Nf4 19.Bxf4 exf4 20.Qh6 Nxd3 21.cxd3 g5 22.h4 f6
23.Nd4 Rf7 24.Ne6 Qd7 25.hxg5 fxg5 26.Nxg5 Bxg5 27.Qxg5+ Kh8 28.Qxf4 Rg8
29.Rg1 Qd8 30.Re2 Qf6 31.g5 Qxf5 32.Qxd6 Qh3+ 33.Qh2 Qf3+ 34.Reg2 Rxg5 35.Qb8+ Rf8
36.Qxf8+ Qxf8 37.Rxg5 Qh6+  0-1

[Event "13th Open"]
[Site "Ljubljana SLO"]
[Date "2002.06.23"]
[Round "2"]
[White "Nedev,T"]
[Black "Susnik,M"]
[Result "1-0"]
[WhiteElo "2476"]
[BlackElo "2202"]

1.e4 c5 2.Nf3 e6 3.Nc3 a6 4.d4 cxd4 5.Nxd4 d6 6.Be3 b5 7.Qd2 Bb7 8.f3 Nd7
9.g4 b4 10.Nce2 d5 11.exd5 Bxd5 12.Nf4 Ne7 13.Bg2 Nb6 14.b3 e5 15.Nh5 exd4
16.Qxd4 Nd7 17.O-O-O Qc7 18.Qxb4 Nf5 19.Qe1 Nxe3 20.Qxe3+ Be6 21.Kb1 Rc8
22.c4 Qc5 23.Qc3 Qe5 24.Qd2 Qc5 25.Rhe1 Qc7 26.f4 g6 27.f5  1-0

[Event "ISYG-M16"]
[Site "Moscow RUS"]
[Date "2002.06.23"]
[Round "6"]
[White "Filippov,A"]
[Black "Maletin,P"]
[Result "1/2-1/2"]
[WhiteElo "2253"]
[BlackElo "2313"]

1.e4 c5 2.Nf3 e6 3.Nc3 a6 4.d4 cxd4 5.Nxd4 Qc7 6.a3 Nc6 7.Be3 b5 8.Bd3 Nf6
9.O-O Bb7 10.Nb3 Ne5 11.Bf4 d6 12.Qe2 Be7 13.a4 b4 14.Na2 Nxd3 15.cxd3 e5
16.Be3 a5 17.f3 O-O 18.Qf2 Qd7 19.Nac1 Bc6 20.Nd2 d5 21.Ncb3 Bxa4 22.Nc5 Bxc5
23.Bxc5 Rfc8 24.d4 exd4 25.Bxd4 Ra6 26.e5 Ne8 27.f4 Bb5 28.Rfe1 Qf5 29.Qf3 Rc2
30.Nf1 Bxf1 31.Rxf1 Rg6 32.Rf2 Rxf2 33.Bxf2 Nc7 34.Bc5 Ne6 35.Be3 h5 36.Rxa5 d4
37.Bd2 d3 38.Rd5 h4 39.Qxd3 Qg4 40.Qf1 Qf5 41.Qf3 Qb1+ 42.Kf2 Qf5 43.Be3 Rg4
44.g3 hxg3+ 45.hxg3 Rg6 46.Rd2 Rh6 47.Kg2 g5 48.Rf2 Qh3+ 49.Kg1 gxf4 50.Qa8+ Kg7
51.Bxf4 Rg6 52.Rh2 Nxf4 53.Rxh3 Nxh3+ 54.Kh2 Nf2 55.Kg2 Nd3 56.Qe4 Nxb2 57.Qxb4 Nd3
58.Qd4 Nxe5 59.Qxe5+ Kg8 60.Kf3 Re6 61.Qg5+ Rg6 62.Qe7 Re6 63.Qd8+ Kg7 64.g4 Rg6
65.Kf4 Re6 66.Kf5 Rg6 67.Qd4+ Kg8 68.Qe5 Re6 69.Qxe6 fxe6+ 70.Kxe6 Kg7 71.Kf5 Kf7
72.Kg5 Kg7  1/2-1/2

[Event "13th Open"]
[Site "Ljubljana SLO"]
[Date "2002.06.24"]
[Round "3"]
[White "Kastelic,M"]
[Black "Ravnik,F"]
[Result "1-0"]
[WhiteElo "2338"]
[BlackElo "2012"]

1.e4 c5 2.Nf3 e6 3.Nc3 a6 4.d4 cxd4 5.Nxd4 Nc6 6.f4 b5 7.a3 Bb7 8.Nf3 Qb6
9.Bd3 Bc5 10.Qe2 Nd4 11.Nxd4 Bxd4 12.Bd2 Rc8 13.Nd1 g6 14.c3 Bg7 15.Be3 Qc6
16.O-O Ne7 17.Rf3 d5 18.e5 Qd7 19.Rh3 Nf5 20.Bf2 O-O 21.Bxf5 exf5 22.Bd4 f6
23.Nf2 fxe5 24.fxe5 Rfe8 25.Nd3 Qe7 26.Rf1 Rc6 27.Qf3 Rcc8 28.Re1 Rc7 29.Qf4 g5
30.Qxf5 h6 31.Qg6 Bc8 32.e6  1-0

[Event "13th Open"]
[Site "Ljubljana SLO"]
[Date "2002.06.24"]
[Round "3"]
[White "Podlesnik,B"]
[Black "Orel,A"]
[Result "1-0"]
[WhiteElo "2385"]
[BlackElo "2065"]

1.e4 c5 2.Nc3 e6 3.Nf3 a6 4.d4 cxd4 5.Nxd4 Qc7 6.Bd3 Nc6 7.Nxc6 dxc6 8.f4 b5
9.a4 Rb8 10.O-O Bb4 11.Kh1 Nf6 12.Bd2 Bc5 13.e5 Nd7 14.Ne4 Be7 15.Qg4 g6
16.axb5 cxb5 17.Ba5 Qc6 18.Rad1 h5 19.Qh3 Bb7 20.Nd6+ Bxd6 21.exd6 h4 22.Rfe1 Qc5
23.Rxe6+ Kf8 24.Ree1 Bc8 25.Be4 b4 26.Bc7 Rb5 27.Qe3 Qh5 28.h3 Rc5 29.Bf3 Qh6
30.Bd8 Rf5 31.Bg5 Qh7 32.Bg4 Qg8 33.Bxf5 gxf5 34.Qe7+ Kg7 35.Bxh4  1-0

[Event "IV Shakkinet A"]
[Site "Helsinki FIN"]
[Date "2002.06.25"]
[Round "2"]
[White "Hjelm,N"]
[Black "Karttunen,M"]
[Result "0-1"]
[WhiteElo "2313"]
[BlackElo "2429"]

1.e4 c5 2.Nf3 e6 3.d4 cxd4 4.Nxd4 a6 5.Nc3 Qc7 6.Bd3 Nf6 7.f4 Nc6 8.Nxc6 Qxc6
9.Qe2 Bb4 10.Bd2 d6 11.O-O-O Bd7 12.Kb1 Qb6 13.Qe1 Ba3 14.b3 Bc6 15.Qg3 g6
16.Qh4 Nd7 17.f5 Qd4 18.fxe6 fxe6 19.Bc4 Qe5 20.Qf4 Nc5 21.Qxe5 dxe5 22.Be3 Bd7
23.Bc1 Bxc1 24.Kxc1 b5 25.Bd3 Rc8 26.Kb2 Ke7 27.Rhf1 b4 28.Ne2 Bc6 29.Ng3 Rhd8
30.Rfe1 h5 31.h4 Rf8 32.Nf1 Rf2 33.Rd2 Rcf8 34.Rxf2 Rxf2 35.Bc4 Rxg2 36.Ne3 Rg3
37.a3 a5 38.axb4 axb4 39.Re2 Nxe4 40.Nf1 Rg1 41.Nd2 Nxd2 42.Rxd2 Rh1  0-1

[Event "IV Shakkinet B"]
[Site "Helsinki FIN"]
[Date "2002.06.27"]
[Round "4"]
[White "Karlsen,T"]
[Black "Haapasalo,JP"]
[Result "1-0"]
[WhiteElo "2121"]
[BlackElo "2149"]

1.e4 c5 2.Nf3 e6 3.d4 cxd4 4.Nxd4 a6 5.Nc3 Nc6 6.Be2 Qc7 7.O-O Nf6 8.Kh1 Nxd4
9.Qxd4 Bc5 10.Qd3 b5 11.f4 Bb7 12.Bf3 d6 13.e5 dxe5 14.Nxb5 Qb6 15.Bxb7 Rd8
16.Qf3 e4 17.Bxe4 Nxe4 18.Qxe4 axb5 19.f5 O-O 20.f6 g6 21.Bf4 Rd5 22.Rad1 Rfd8
23.Rxd5 Rxd5 24.h3 Bd4 25.Rd1 Bxf6 26.Rxd5 exd5 27.Qxd5 Qf2 28.Qe4 g5 29.Be5 Bxe5
30.Qxe5 Qxc2 31.Qxg5+ Kf8 32.Qd8+ Kg7 33.Qd4+ Kf8 34.Qb4+ Kg7 35.Qd4+ Kf8
36.Qd6+ Kg7 37.Qe5+ Kg6 38.Kh2 Qc4 39.Qg3+ Kf6 40.Qf3+ Kg6 41.b3 Qc5 42.Qg4+ Kf6
43.Qf4+ Kg6 44.a4 bxa4 45.bxa4 Qa5 46.Qe4+ Kg7 47.Qd4+ Kg6 48.Qg4+ Kf6 49.Qf4+ Kg7
50.h4 f6 51.Qg4+ Kh6 52.Qf3 Qe5+ 53.g3 Kg7 54.Qb7+ Kg6 55.Qb5 Qe3 56.h5+ Kh6
57.Qf5 Qe2+ 58.Kh3 Qa6 59.a5 Qc6 60.Kh4 Qh1+ 61.Kg4 Qd1+ 62.Qf3 f5+ 63.Kf4 Qd2+
64.Qe3 Qxa5 65.Qe6+ Kg7 66.h6+ Kf8 67.Qf6+ Ke8 68.Qh8+ Kf7 69.Qxh7+ Kf6 70.Qh8+ Kf7
71.Qg7+ Ke6 72.Qg6+ Ke7 73.Qxf5 Qd2+ 74.Kg4 Qxh6 75.Qg5+ Qf6 76.Kh5 Kf7 77.Qxf6+ Kxf6
78.g4 Kg7 79.Kg5  1-0

[Event "1st Open"]
[Site "La Fere FRA"]
[Date "2002.06.30"]
[Round "1"]
[White "Nevednichy,V"]
[Black "Sarakauskiene,Z"]
[Result "1/2-1/2"]
[WhiteElo "2560"]
[BlackElo "2105"]

1.e4 c5 2.Nf3 e6 3.d4 cxd4 4.Nxd4 a6 5.Nc3 Qc7 6.Be2 Nc6 7.O-O Nf6 8.Be3 b5
9.a3 Bb7 10.Nb3 Ne5 11.f4 Nc4 12.Bxc4 bxc4 13.Nd2 Bc5 14.Qe2 O-O 15.Bxc5 Qxc5+
16.Qf2 Qc6 17.Qd4 Rac8 18.Rac1 d6 19.h3 Rfd8 20.Rf2 h6 21.Kh2 Qc5 22.Qxc5 Rxc5
23.Nf3 e5 24.fxe5 dxe5 25.Rd2 Rxd2 26.Nxd2 Bc6 27.Kg3 Kf8 28.Kf2 Ke7 29.Nf3 Ke6
30.Ke3 Bb7 31.Nd2 Bc6 32.Rd1 Ne8 33.g4 Nd6 34.Nf1 Bb7 35.Ng3 g6 36.Re1 Bc6
37.Kd2 Kd7 38.Kc1 a5 39.a4 Kc7 40.Kb1 Bb7 41.h4 Bc6 42.g5 hxg5 43.hxg5  1/2-1/2

[Event "13th Open"]
[Site "Ljubljana SLO"]
[Date "2002.06.30"]
[Round "9"]
[White "Mohr,G"]
[Black "Susnik,M"]
[Result "1/2-1/2"]
[WhiteElo "2509"]
[BlackElo "2202"]

1.Nf3 c5 2.e4 e6 3.Nc3 a6 4.d4 cxd4 5.Nxd4 d6 6.a4 Nf6 7.Bc4 Be7 8.O-O O-O
9.f4 d5 10.exd5 exd5 11.Be2 Bc5 12.Kh1 Bxd4 13.Qxd4 Nc6 14.Qd1 d4 15.Nb1 Bf5
16.Bd3 Bg4 17.Be2 Bxe2 18.Qxe2 Re8 19.Qf3 Nb4 20.Na3 Rc8 21.Qb3 Re2 22.Qxb4 Qd5
23.Rg1 Ne4 24.h3 Nf2+ 25.Kh2 Nxh3 26.Kxh3 Rc6 27.Qe1 Rxe1 28.Rxe1 Rh6+ 29.Kg3 Rg6+
30.Kh4 Rh6+ 31.Kg3 Rg6+ 32.Kh4 Rh6+  1/2-1/2

[Event "Milivoj Petrov Mem"]
[Site "Pancevo YUG"]
[Date "2002.07.01"]
[Round "8"]
[White "Micic,C"]
[Black "Cabrilo,G"]
[Result "1/2-1/2"]
[WhiteElo "2411"]
[BlackElo "2501"]

1.e4 c5 2.Nf3 e6 3.d4 cxd4 4.Nxd4 a6 5.Nc3 Qc7 6.Be2 Nf6 7.O-O d6 8.f4 Be7
9.Kh1 O-O 10.a4 b6 11.Bf3 Bb7 12.Qe1 Nc6 13.Be3 Nd7 14.Rd1 Rac8 15.Qg3 Nxd4
16.Bxd4 e5 17.fxe5 dxe5 18.Be3 Nf6 19.Bh6 Ne8 20.Nd5 Bxd5 21.Rxd5 Kh8 22.Bg4 Rd8
23.Rxd8 Bxd8 24.Be3 Nf6 25.Bf3 Qxc2 26.Qxe5 Qxa4 27.Qd6 Kg8 28.e5 Ne4 29.Qd3 Ng5
30.Bd5  1/2-1/2

[Event "23rd Open"]
[Site "Bled SLO"]
[Date "2002.07.02"]
[Round "1"]
[White "Guid,M"]
[Black "Eljanov,V"]
[Result "1-0"]
[WhiteElo "2185"]
[BlackElo "2426"]

1.e4 c5 2.Nf3 e6 3.d4 cxd4 4.Nxd4 a6 5.Nc3 Qc7 6.Be2 Nf6 7.O-O Nc6 8.Be3 Bb4
9.Na4 Ne7 10.c4 Bd6 11.g3 Nxe4 12.c5 Be5 13.f4 Bxd4 14.Bxd4 O-O 15.Be5 Qa5
16.Nb6 Ra7 17.a3 Qxc5+ 18.Bd4 Qc7 19.Rc1 Qb8 20.Bf3 Nc6 21.Bxe4 d5 22.Bf3 a5
23.Nxc8 Rxc8 24.Bxa7 Qxa7+ 25.Kh1 Qb6 26.Qd2 g6 27.b4 axb4 28.axb4 Rd8 29.Rb1 h5
30.Rfd1 Qc7 31.b5 Ne7 32.b6 Qd7 33.Qd4 Rc8 34.Rbc1 Nc6 35.Qa4 Qd8 36.Qb5 Qf6
37.Qc5 Rd8 38.Qc3 Qe7 39.Qc5 Qf6 40.Qc3 Qe7 41.Be2 Ra8 42.Ra1 Rc8 43.Bb5 Qd8
44.Bxc6 Rxc6 45.Qa5 Kg7 46.Rac1 Rxb6 47.Qc3+ Qf6 48.Qxf6+ Kxf6 49.Rb1 Ra6
50.Rxb7 Ra2 51.h4 Rc2 52.Kg1 Ra2 53.Rf1 Kf5 54.Rxf7+ Kg4 55.Rf2 Ra3 56.Rf6 Rxg3+
57.Rg2 Kf3 58.Rxg6 Rxg2+ 59.Rxg2 Kxf4 60.Rg5 d4 61.Rxh5 e5 62.Kf2 e4 63.Ke2 d3+
64.Kd2 Kf3 65.Rf5+ Kg3 66.Re5  1-0

[Event "23rd Open"]
[Site "Bled SLO"]
[Date "2002.07.03"]
[Round "2"]
[White "Stojanovski,D"]
[Black "Guid,M"]
[Result "1/2-1/2"]
[WhiteElo "2416"]
[BlackElo "2185"]

1.e4 c5 2.Nf3 e6 3.Nc3 a6 4.d4 cxd4 5.Nxd4 Qc7 6.Bd3 Nf6 7.O-O Be7 8.Kh1 Nc6
9.Be3 d6 10.f4 O-O 11.Qf3 Bd7 12.Rae1 b5 13.Nxc6 Bxc6 14.Qh3 Rad8 15.a3 a5
16.e5 dxe5 17.fxe5 Qxe5 18.Bb6 Qg5 19.Bxd8 Rxd8 20.Ne4 Bxe4 21.Bxe4 g6 22.Bd3 Rd4
23.Qe3 Qd5 24.Rf4 Rxf4 25.Qxf4 b4 26.Bc4 Qc6 27.axb4 axb4 28.Bb3 Kg7 29.Qd4 h5
30.Rd1 Qb5 31.Ra1 Qg5 32.Rf1 Qb5 33.Re1 Qg5 34.Rf1 Qb5 35.Bc4 Qg5 36.c3 Bc5
37.Qf4 Qxf4 38.Rxf4 bxc3 39.bxc3 g5 40.Rf3 Ne4 41.Ba2 g4 42.Rf1 Nxc3 43.Rc1 Bd4
44.Bb3 h4 45.g3 hxg3 46.hxg3 Ne2 47.Rc7 Be5 48.Rc4 Nxg3+ 49.Kg2 f5 50.Rc5 Kf6
51.Rc6 f4 52.Bxe6 f3+ 53.Kf2 Nf5 54.Bd5+ Kg5 55.Bxf3 Bd4+ 56.Ke2 Ng3+ 57.Kd3 gxf3
58.Kxd4 f2 59.Rc1 Kf4 60.Kd3 Kf3 61.Ra1 f1=Q+ 62.Rxf1+  1/2-1/2

[Event "23rd Open"]
[Site "Bled SLO"]
[Date "2002.07.04"]
[Round "3"]
[White "Nedev,T"]
[Black "Sakelsek,T"]
[Result "1-0"]
[WhiteElo "2476"]
[BlackElo "2245"]

1.e4 c5 2.Nf3 e6 3.Nc3 a6 4.d4 cxd4 5.Nxd4 Qc7 6.Bd3 Nc6 7.Be3 Nf6 8.O-O Bd6
9.f4 Bc5 10.Nf5 Bxe3+ 11.Nxe3 d6 12.a3 b6 13.Qf3 Bb7 14.Rae1 O-O-O 15.Qg3 g6
16.Qh3 Kb8 17.f5 Qe7 18.fxe6 fxe6 19.Nc4 Nd7 20.Ne2 g5 21.b4 b5 22.Nd2 Nde5
23.Nb3 g4 24.Qh6 Rhg8 25.Nf4 Bc8 26.Kh1 Ng6 27.Rb1 Nxf4 28.Qxf4 Rdf8 29.Qg3 h5
30.a4 h4 31.Qe3 Rxf1+ 32.Bxf1 bxa4 33.b5 Qa7 34.Qc3 axb3 35.bxc6 Rf8 36.e5 Qc7
37.Qxb3+ Ka8 38.exd6 Qxd6 39.Bxa6 Bxa6 40.Qb6 Qb8 41.Qxa6+ Qa7 42.Qc4 Rb8
43.Rd1 h3 44.Qe4 hxg2+ 45.Kxg2  1-0